00538nam a22001457a 4500040000900000082001200009100002500021110003800046245010700084260004500191650002100236942001300257999001900270952010300289 cNUST a200 THE a Ayesha Kiran984302 aSupervisor Dr. Usman Qamar984303 aTH-SOF-1744-Regression Test Suites Optimization Using TLBO Based Adaptive Neuro-Fuzzy Inference System aISLAMABAD:b NUST COLLEGE OF EME,c2020. aMS-CSE-17986614 2ddccTHE c586803d586803 00102ddc4070aCEMEbCEMEcTHEd2021-11-17l0o200 THEpTH-SOF-1744r2021-11-17w2021-11-17yREF